[Event "4. Aberto Internacional Carlos I"]
[Site "Sanxenxo ESP"]
[Date "2012.06.30"]
[Round "8.1"]
[White "Lariño Nieto, David"]
[Black "Khamrakulov, Ibragim S"]
[Result "0-1"]
[WhiteElo "2469"]
[BlackElo "2517"]
[PlyCount "112"]
[EventDate "2012.06.23"]
[EventType "swiss"]
[EventRounds "9"]
[EventCountry "ESP"]
[SourceTitle "Ajedrez en Madrid"]
[Source "lmi"]
[SourceDate "2012.06.23"]

1. e4 c5 2. Nc3 a6 3. a4 Nc6 4. g3 g6 5. Bg2 Bg7 6. d3 d6 7. f4 e5 8. Nh3 Nge7
9. O-O exf4 10. Bxf4 O-O 11. Qd2 Bg4 12. Bh6 Qd7 13. Bxg7 Kxg7 14. Nf4 Be6 15.
Ncd5 Bxd5 16. exd5 Ne5 17. Bh3 Qc7 18. c3 Rae8 19. Rae1 Ng8 20. d4 cxd4 21.
cxd4 Nc4 22. Qc1 Rxe1 23. Rxe1 Qa5 24. Rf1 Qxa4 25. Rf3 Nb6 26. Kh1 Nf6 27. b3
Qxd4 28. Rd3 Qe4+ 29. Bg2 Rc8 30. Qd2 Qe5 31. h3 Re8 32. Kh2 g5 33. Ne2 Nbxd5
34. Nd4 g4 35. Nc2 gxh3 36. Bxd5 Qe2+ 37. Qxe2 Rxe2+ 38. Kxh3 Nxd5 39. Rxd5
Rxc2 40. Rxd6 Rc6 41. Rd4 Rb6 42. b4 Rb5 43. Rg4+ Kf6 44. Rf4+ Ke6 45. Re4+ Re5
46. Rh4 h5 47. Rc4 f6 48. Kh4 Rg5 49. Re4+ Kf7 50. Re3 Rg4+ 51. Kxh5 Rxb4 52.
Rc3 a5 53. g4 Rb5+ 54. Kh6 a4 55. Rc4 a3 56. Ra4 Rb3 0-1

[Event "4. Aberto Internacional Carlos I"]
[Site "Sanxenxo ESP"]
[Date "2012.06.30"]
[Round "8.2"]
[White "Fernandez Garcia, Jose Luis"]
[Black "Recuero Guerra, David"]
[Result "1-0"]
[WhiteElo "2419"]
[BlackElo "2467"]
[PlyCount "61"]
[EventDate "2012.06.23"]
[EventType "swiss"]
[EventRounds "9"]
[EventCountry "ESP"]
[SourceTitle "Ajedrez en Madrid"]
[Source "lmi"]
[SourceDate "2012.06.23"]

1. e4 c5 2. Nf3 g6 3. d4 Bg7 4. c4 d6 5. Nc3 Bg4 6. dxc5 Bxf3 7. gxf3 dxc5 8.
Qxd8+ Kxd8 9. Be3 Bxc3+ 10. bxc3 b6 11. O-O-O+ Kc8 12. e5 Nc6 13. Bd3 Kc7 14.
Be4 Re8 15. Bf4 e6 16. Bxc6 Kxc6 17. Rd6+ Kc7 18. Rhd1 Ne7 19. Rd7+ Kb8 20. Bg5
Nc6 21. Rxf7 Ref8 22. Rdd7 Rxf7 23. Rxf7 h6 24. Bf6 Rg8 25. Kc2 Kc8 26. Rh7 h5
27. h4 a6 28. a4 Na5 29. Kd3 Nc6 30. f4 Kb8 31. Be7 1-0

[Event "4. Aberto Internacional Carlos I"]
[Site "Sanxenxo ESP"]
[Date "2012.06.30"]
[Round "8.3"]
[White "Santos Latasa, Jaime"]
[Black "Barlov, Dragan"]
[Result "0-1"]
[WhiteElo "2396"]
[BlackElo "2450"]
[PlyCount "80"]
[EventDate "2012.06.23"]
[EventType "swiss"]
[EventRounds "9"]
[EventCountry "ESP"]
[SourceTitle "Ajedrez en Madrid"]
[Source "lmi"]
[SourceDate "2012.06.23"]

1. Nf3 Nf6 2. c4 g6 3. Nc3 Bg7 4. e4 O-O 5. d4 d6 6. Be2 Bg4 7. Be3 Nc6 8. d5
Nb8 9. O-O c6 10. h3 Bxf3 11. Bxf3 Nbd7 12. Be2 Qc7 13. Rc1 Qa5 14. a3 Rfc8 15.
Qc2 Qd8 16. b4 c5 17. Qb3 cxb4 18. axb4 a5 19. Rb1 b6 20. Rfc1 axb4 21. Qxb4
Nc5 22. f3 Nfd7 23. Ra1 Rxa1 24. Rxa1 Ra8 25. Ra3 Ra5 26. Nb5 Qa8 27. g3 h5 28.
Kg2 Rxa3 29. Qxa3 Qa5 30. Kf2 Be5 31. Bd1 Bxg3+ 32. Kxg3 Qe1+ 33. Bf2 Qxd1 34.
Qa8+ Kg7 35. Qe8 Ne5 36. Nd4 Nxf3 37. Nxf3 Nxe4+ 38. Kf4 Nxf2 39. Qxe7 Nxh3+
40. Kg3 Ng1 0-1

[Event "4. Aberto Internacional Carlos I"]
[Site "Sanxenxo ESP"]
[Date "2012.06.30"]
[Round "8.4"]
[White "Espiñeira Gonzalez, Diego"]
[Black "De La Villa Garcia, Jesus Maria"]
[Result "1/2-1/2"]
[WhiteElo "2371"]
[BlackElo "2478"]
[PlyCount "72"]
[EventDate "2012.06.23"]
[EventType "swiss"]
[EventRounds "9"]
[EventCountry "ESP"]
[SourceTitle "Ajedrez en Madrid"]
[Source "lmi"]
[SourceDate "2012.06.23"]

1. e4 c5 2. Nf3 g6 3. d4 Bg7 4. Nc3 cxd4 5. Nxd4 Nc6 6. Nde2 d6 7. g3 b6 8. Bg2
Ba6 9. O-O Rc8 10. Re1 Nf6 11. Nd5 O-O 12. c3 e6 13. Nxf6+ Qxf6 14. Qxd6 Bxe2
15. Rxe2 Rfd8 16. Qf4 Rd1+ 17. Bf1 Qxf4 18. gxf4 Rcd8 19. Kg2 Bh6 20. b3 Bxf4
21. Bb2 Rxa1 22. Bxa1 Rd1 23. Bb2 Ne5 24. Rc2 h5 25. c4 Nd7 26. b4 Be5 27. Bxe5
Nxe5 28. c5 bxc5 29. Rxc5 f6 30. Rc7 h4 31. h3 g5 32. Rxa7 Ng6 33. Bc4 Nf4+ 34.
Kf3 Rh1 35. Kg4 Rg1+ 36. Kf3 Rh1 1/2-1/2

[Event "4. Aberto Internacional Carlos I"]
[Site "Sanxenxo ESP"]
[Date "2012.06.30"]
[Round "8.5"]
[White "Patiño Romaris, Juan Roberto"]
[Black "Paunovic, Dragan"]
[Result "1/2-1/2"]
[WhiteElo "2185"]
[BlackElo "2521"]
[PlyCount "81"]
[EventDate "2012.06.23"]
[EventType "swiss"]
[EventRounds "9"]
[EventCountry "ESP"]
[SourceTitle "Ajedrez en Madrid"]
[Source "lmi"]
[SourceDate "2012.06.23"]

1. d4 d6 2. c4 Nf6 3. Nc3 g6 4. e4 Bg7 5. Be2 O-O 6. Nf3 c6 7. O-O e5 8. d5 Na6
9. Nd2 c5 10. Kh1 Ne8 11. g4 Nac7 12. Rg1 a6 13. a4 b6 14. Nf3 Bd7 15. Bg5 f6
16. Be3 Rb8 17. Ra3 b5 18. axb5 axb5 19. Nxb5 Nxb5 20. cxb5 Bxb5 21. Bxb5 Rxb5
22. Qa1 Nc7 23. Nd2 Rb7 24. Ra7 Qb8 25. Rxb7 Qxb7 26. Nc4 Qb4 27. Qf1 Rd8 28.
Qd3 Bf8 29. Ra1 Ra8 30. Rxa8 Nxa8 31. Bd2 Qb8 32. Ba5 Be7 33. Qa3 Nc7 34. Bxc7
Qxc7 35. Qa8+ Bf8 36. Qe8 Kg7 37. Kg2 Qb7 38. f3 Qa6 39. Qd7+ Kg8 40. Qe6+ Kg7
41. Qd7+ 1/2-1/2

[Event "4. Aberto Internacional Carlos I"]
[Site "Sanxenxo ESP"]
[Date "2012.06.30"]
[Round "8.6"]
[White "Cardenas Serrano, Sergio"]
[Black "Arribas Lopez, Angel"]
[Result "0-1"]
[WhiteElo "2124"]
[BlackElo "2463"]
[PlyCount "116"]
[EventDate "2012.06.23"]
[EventType "swiss"]
[EventRounds "9"]
[EventCountry "ESP"]
[SourceTitle "Ajedrez en Madrid"]
[Source "lmi"]
[SourceDate "2012.06.23"]

1. d4 Nf6 2. c4 g6 3. Nc3 Bg7 4. Nf3 O-O 5. Bf4 Nh5 6. Be3 d6 7. g3 Nc6 8. Bg2
a6 9. O-O Rb8 10. Rc1 Bd7 11. b3 e5 12. dxe5 dxe5 13. Qd2 Qc8 14. Rfd1 Rd8 15.
Nd5 Bh3 16. Ne7+ Nxe7 17. Qxd8+ Qxd8 18. Rxd8+ Rxd8 19. Bxh3 e4 20. Ng5 Nf5 21.
Bxf5 gxf5 22. Nh3 Be5 23. Rc2 Rd1+ 24. Kg2 Kg7 25. Rd2 Re1 26. f3 exf3+ 27.
Kxf3 Nf6 28. Bf4 Bxf4 29. Nxf4 Ra1 30. Nd5 Ne4 31. Rc2 c6 32. Ne3 Kg6 33. Kf4
Nc5 34. Ng2 Kf6 35. Nh4 a5 36. Nf3 Na6 37. Rd2 Nc5 38. Rc2 Na6 39. Rd2 Nb4 40.
a4 Na6 41. Rd6+ Ke7 42. Rh6 Nc5 43. Rxh7 Nxb3 44. Ng5 Rxa4 45. Rxf7+ Kd6 46.
Kxf5 Nd4+ 47. Kf6 Rxc4 48. Rxb7 Nxe2 49. Ra7 a4 50. Nf7+ Kd5 51. g4 Rxg4 52.
Re7 Nc3 53. Rd7+ Kc5 54. Rd3 Nd5+ 55. Ke5 Rh4 56. h3 Rh7 57. Nd8 Re7+ 58. Ne6+
Rxe6+ 0-1

[Event "4. Aberto Internacional Carlos I"]
[Site "Sanxenxo ESP"]
[Date "2012.06.30"]
[Round "8.7"]
[White "Meneses Gonzalez, Kevin Moises"]
[Black "Pinho, Paulo"]
[Result "1-0"]
[WhiteElo "2264"]
[BlackElo "2145"]
[PlyCount "105"]
[EventDate "2012.06.23"]
[EventType "swiss"]
[EventRounds "9"]
[EventCountry "ESP"]
[SourceTitle "Ajedrez en Madrid"]
[Source "lmi"]
[SourceDate "2012.06.23"]

1. e4 c5 2. Nf3 e6 3. d4 cxd4 4. Nxd4 Nf6 5. Nc3 d6 6. Be2 Be7 7. O-O O-O 8.
Be3 a6 9. f4 Qc7 10. a4 b6 11. Bf3 Bb7 12. Qe1 Nc6 13. Qg3 Nxd4 14. Bxd4 b5 15.
axb5 axb5 16. Nxb5 Qc4 17. Bxf6 Bxf6 18. Nxd6 Bd4+ 19. Kh1 Rxa1 20. Rxa1 Qxc2
21. Rd1 Bf2 22. Qg5 Bc6 23. b4 h6 24. Qh5 Ba4 25. Qa5 Be3 26. f5 Bc6 27. b5 Ba8
28. b6 Qc6 29. fxe6 fxe6 30. Qa2 Qxb6 31. Qxe6+ Kh8 32. Nf7+ Kh7 33. Qxb6 Bxb6
34. Ne5 Re8 35. Nc4 Bc7 36. e5 Bxf3 37. gxf3 Kg6 38. f4 Kf5 39. Rd7 Bb8 40.
Rf7+ Kg6 41. Rd7 Rc8 42. Nb6 Rc2 43. Nd5 Ra2 44. Ne7+ Kh7 45. Nc6 Rb2 46. f5
Bxe5 47. Nxe5 Rf2 48. Rf7 Kg8 49. Kg1 Rf4 50. Rf8+ Kxf8 51. Ng6+ Kf7 52. Nxf4
Kf6 53. Nh5+ 1-0

[Event "4. Aberto Internacional Carlos I"]
[Site "Sanxenxo ESP"]
[Date "2012.06.30"]
[Round "8.8"]
[White "Gomez Dieguez, David"]
[Black "Espiñeira Gonzalez, Pablo Danie"]
[Result "0-1"]
[WhiteElo "2052"]
[BlackElo "2213"]
[PlyCount "40"]
[EventDate "2012.06.23"]
[EventType "swiss"]
[EventRounds "9"]
[EventCountry "ESP"]
[SourceTitle "Ajedrez en Madrid"]
[Source "lmi"]
[SourceDate "2012.06.23"]

1. e4 d5 2. exd5 Qxd5 3. Nc3 Qa5 4. Bc4 Nf6 5. d4 Nc6 6. Nf3 Bg4 7. h3 Bxf3 8.
Qxf3 O-O-O 9. d5 Ne5 10. Qf4 Nxc4 11. Qxc4 Nxd5 12. O-O Qb4 13. Qe4 Qxe4 14.
Nxe4 e5 15. c4 Nb4 16. Bg5 f6 17. Bd2 Rd4 18. Rfe1 Nc2 19. Bc3 Rxc4 20. f4 Nxa1
0-1

[Event "4. Aberto Internacional Carlos I"]
[Site "Sanxenxo ESP"]
[Date "2012.06.30"]
[Round "8.9"]
[White "Nedobora, Gregori"]
[Black "Garcia Castro, Pablo"]
[Result "0-1"]
[WhiteElo "2103"]
[BlackElo "2405"]
[PlyCount "78"]
[EventDate "2012.06.23"]
[EventType "swiss"]
[EventRounds "9"]
[EventCountry "ESP"]
[SourceTitle "Ajedrez en Madrid"]
[Source "lmi"]
[SourceDate "2012.06.23"]

1. c4 g6 2. Nc3 Bg7 3. g3 Nf6 4. Bg2 O-O 5. Nf3 Nc6 6. O-O d6 7. Rb1 Bf5 8. d3
Qc8 9. b4 a6 10. Qb3 Bh3 11. a4 Bxg2 12. Kxg2 b6 13. b5 Na5 14. Qc2 e6 15. Na2
c5 16. bxc6 Qxc6 17. Bd2 Nd7 18. Nb4 Qc7 19. Bc3 Bxc3 20. Qxc3 b5 21. axb5 axb5
22. h4 h5 23. Rfc1 bxc4 24. e4 Rfc8 25. Nd4 Nc5 26. Nb5 Qd7 27. dxc4 Nxe4 28.
Qd4 Nxc4 29. Nc3 Nxc3 30. Rxc3 Ne5 31. Nd3 Nxd3 32. Rxd3 d5 33. Qf6 Qd8 34. Qe5
Ra7 35. Rb4 Qc7 36. Qb2 Qc1 37. Qf6 Ra1 38. Kf3 Ra2 39. Rbb3 Qh1+ 0-1

[Event "4. Aberto Internacional Carlos I"]
[Site "Sanxenxo ESP"]
[Date "2012.06.30"]
[Round "8.10"]
[White "Pazos Porta, Antonio"]
[Black "Torres Dominguez, David"]
[Result "1-0"]
[WhiteElo "2319"]
[BlackElo "2149"]
[PlyCount "75"]
[EventDate "2012.06.23"]
[EventType "swiss"]
[EventRounds "9"]
[EventCountry "ESP"]
[SourceTitle "Ajedrez en Madrid"]
[Source "lmi"]
[SourceDate "2012.06.23"]

1. e4 e5 2. Nf3 d5 3. exd5 Qxd5 4. Nc3 Qe6 5. Be2 c5 6. O-O Nc6 7. Re1 Bd7 8.
b3 O-O-O 9. Bc4 Qf5 10. a4 f6 11. a5 g5 12. a6 b6 13. d3 Nge7 14. Nb5 Ng6 15.
Bd5 Kb8 16. g3 Nb4 17. Be4 Qe6 18. Nc3 Bc6 19. Bxc6 Qxc6 20. Qe2 h5 21. Ne4 h4
22. Nxf6 hxg3 23. fxg3 Nxc2 24. Qxc2 Qxf3 25. Bxg5 c4 26. d4 Rxd4 27. Re3 cxb3
28. Qxb3 Qc6 29. Rc3 Bc5 30. Rxc5 Qxc5 31. Be3 Rhd8 32. Rc1 Rd1+ 33. Rxd1 Rxd1+
34. Qxd1 Qxe3+ 35. Kg2 Qd4 36. Qc2 Ne7 37. Qh7 Qc5 38. Nd7+ 1-0

[Event "4. Aberto Internacional Carlos I"]
[Site "Sanxenxo ESP"]
[Date "2012.07.01"]
[Round "9.1"]
[White "Khamrakulov, Ibragim S"]
[Black "Fernandez Garcia, Jose Luis"]
[Result "1/2-1/2"]
[WhiteElo "2517"]
[BlackElo "2419"]
[PlyCount "23"]
[EventDate "2012.06.23"]
[EventType "swiss"]
[EventRounds "9"]
[EventCountry "ESP"]
[SourceTitle "Ajedrez en Madrid"]
[Source "lmi"]
[SourceDate "2012.06.23"]

1. e4 e5 2. Nf3 Nc6 3. Bb5 a6 4. Ba4 Nf6 5. d3 b5 6. Bb3 Be7 7. c3 d6 8. O-O
O-O 9. Re1 Re8 10. Ng5 Rf8 11. Nf3 Re8 12. Ng5 1/2-1/2

[Event "4. Aberto Internacional Carlos I"]
[Site "Sanxenxo ESP"]
[Date "2012.07.01"]
[Round "9.2"]
[White "Barlov, Dragan"]
[Black "Lariño Nieto, David"]
[Result "1/2-1/2"]
[WhiteElo "2450"]
[BlackElo "2469"]
[PlyCount "118"]
[EventDate "2012.06.23"]
[EventType "swiss"]
[EventRounds "9"]
[EventCountry "ESP"]
[SourceTitle "Ajedrez en Madrid"]
[Source "lmi"]
[SourceDate "2012.06.23"]

1. Nf3 d5 2. d4 e6 3. e3 c5 4. Bb5+ Bd7 5. Bxd7+ Nxd7 6. O-O Ngf6 7. b3 Bd6 8.
Bb2 Qc7 9. dxc5 Nxc5 10. c4 dxc4 11. Na3 Rd8 12. Nb5 Qb6 13. Nxd6+ Rxd6 14. Qe2
cxb3 15. Bd4 O-O 16. axb3 Nd5 17. Rac1 Rc8 18. Ne5 Nb4 19. Nc4 Qa6 20. Ra1 Nxb3
21. Rxa6 Nxd4 22. exd4 Rxa6 23. Ne5 Nd5 24. g3 Rd6 25. Qb2 Rb8 26. Rc1 Rdd8 27.
Qa3 a6 28. Rc5 f6 29. Nd3 Rd7 30. Qc1 Kf7 31. Rc8 Rd8 32. Rxb8 Rxb8 33. Nf4 Rd8
34. Nxd5 Rxd5 35. Qc7+ Kg6 36. Qxb7 Rxd4 37. Qxa6 e5 38. Qe6 h5 39. h3 Rd1+ 40.
Kg2 Rd4 41. Kf3 h4 42. g4 Rf4+ 43. Kg2 Kg5 44. Qb6 g6 45. Qe3 Kh6 46. Qa7 Kg5
47. Qb6 Rd4 48. Qb3 Rf4 49. Qc3 Rd4 50. Kf3 Rf4+ 51. Ke3 Ra4 52. Qc1 Rf4 53.
Kd3 Kh6 54. f3 Kg5 55. Ke2 Kh6 56. Qe1 Kg5 57. Qg1 Ra4 58. Qc1+ Rf4 59. Qd2 Kh6
1/2-1/2

[Event "4. Aberto Internacional Carlos I"]
[Site "Sanxenxo ESP"]
[Date "2012.07.01"]
[Round "9.3"]
[White "Arribas Lopez, Angel"]
[Black "Meneses Gonzalez, Kevin Moises"]
[Result "1-0"]
[WhiteElo "2463"]
[BlackElo "2264"]
[PlyCount "69"]
[EventDate "2012.06.23"]
[EventType "swiss"]
[EventRounds "9"]
[EventCountry "ESP"]
[SourceTitle "Ajedrez en Madrid"]
[Source "lmi"]
[SourceDate "2012.06.23"]

1. b3 e5 2. Bb2 Nc6 3. e3 Nf6 4. Bb5 Bd6 5. Ne2 O-O 6. Ng3 Re8 7. O-O a6 8. Be2
Bf8 9. c4 d5 10. cxd5 Nxd5 11. Nc3 Be6 12. a3 Qd7 13. Nce4 f6 14. Rc1 Rad8 15.
Nc5 Bxc5 16. Rxc5 Nb6 17. Qb1 Bxb3 18. Bxe5 Bf7 19. Bf4 g5 20. Bxg5 fxg5 21.
Rxg5+ Bg6 22. f4 Kh8 23. Qa1+ Qg7 24. Qxg7+ Kxg7 25. f5 Kf6 26. h4 Bf7 27. Rd1
Na4 28. Bf3 h6 29. Rg4 Ne5 30. Ne4+ Ke7 31. f6+ Kf8 32. Rg7 Bg6 33. Rc1 Nxf3+
34. gxf3 Bxe4 35. Rcxc7 1-0

[Event "4. Aberto Internacional Carlos I"]
[Site "Sanxenxo ESP"]
[Date "2012.07.01"]
[Round "9.4"]
[White "Espiñeira Gonzalez, Pablo Danie"]
[Black "Espiñeira Gonzalez, Diego"]
[Result "0-1"]
[WhiteElo "2213"]
[BlackElo "2371"]
[PlyCount "49"]
[EventDate "2012.06.23"]
[EventType "swiss"]
[EventRounds "9"]
[EventCountry "ESP"]
[SourceTitle "Ajedrez en Madrid"]
[Source "lmi"]
[SourceDate "2012.06.23"]

1. c4 e5 2. Nc3 Nf6 3. g3 d5 4. cxd5 Nxd5 5. Bg2 Nb6 6. Nf3 Nc6 7. O-O Be7 8.
d3 O-O 9. Be3 Be6 10. Qc1 Nd5 11. Bd2 f6 12. Rd1 Qd7 13. a3 Rac8 14. Ne4 b6 15.
b4 Nd4 16. Nxd4 exd4 17. e3 f5 18. exd4 fxe4 19. dxe4 Nf6 20. Be3 Bh3 21. f3
Bxg2 22. Kxg2 Qb5 23. e5 Qe2+ 24. Bf2 Ng4 25. Rf1 0-1

[Event "4. Aberto Internacional Carlos I"]
[Site "Sanxenxo ESP"]
[Date "2012.07.01"]
[Round "9.5"]
[White "Paunovic, Dragan"]
[Black "Santos Latasa, Jaime"]
[Result "1-0"]
[WhiteElo "2521"]
[BlackElo "2396"]
[PlyCount "99"]
[EventDate "2012.06.23"]
[EventType "swiss"]
[EventRounds "9"]
[EventCountry "ESP"]
[SourceTitle "Ajedrez en Madrid"]
[Source "lmi"]
[SourceDate "2012.06.23"]

1. Nf3 Nf6 2. c4 c5 3. g3 b6 4. Bg2 Bb7 5. O-O e6 6. Nc3 Be7 7. Re1 Ne4 8. Nxe4
Bxe4 9. d3 Bb7 10. e4 O-O 11. d4 cxd4 12. Nxd4 Nc6 13. e5 Qb8 14. Nxc6 Bxc6 15.
Bxc6 dxc6 16. Qg4 Kh8 17. Bg5 Qc7 18. Rad1 Rad8 19. Bxe7 Qxe7 20. Qf4 c5 21. a3
a5 22. Rd6 Rxd6 23. exd6 Qd7 24. Rd1 Rd8 25. b3 Kg8 26. Qe4 f5 27. Qf3 h6 28.
h3 Rf8 29. Rd2 Rd8 30. Qe3 Kf7 31. b4 axb4 32. axb4 Qc6 33. b5 Qe4 34. Qxe4
fxe4 35. Kf1 e3 36. fxe3 Rd7 37. Ke2 Kf6 38. Kf3 Ke5 39. Ra2 Rxd6 40. Ra6 g6
41. h4 h5 42. Ra7 Kf5 43. Rb7 Ke5 44. Rc7 Kf5 45. Rc6 Ke5 46. Rxd6 Kxd6 47. Kf4
Ke7 48. Ke5 Kf7 49. Kd6 Kf6 50. Kc6 1-0

[Event "4. Aberto Internacional Carlos I"]
[Site "Sanxenxo ESP"]
[Date "2012.07.01"]
[Round "9.6"]
[White "De La Villa Garcia, Jesus Maria"]
[Black "Pazos Porta, Antonio"]
[Result "1-0"]
[WhiteElo "2478"]
[BlackElo "2319"]
[PlyCount "125"]
[EventDate "2012.06.23"]
[EventType "swiss"]
[EventRounds "9"]
[EventCountry "ESP"]
[SourceTitle "Ajedrez en Madrid"]
[Source "lmi"]
[SourceDate "2012.06.23"]

1. d4 Nf6 2. Bg5 Ne4 3. Bf4 c5 4. f3 Qa5+ 5. c3 Nf6 6. d5 Qb6 7. e4 e6 8. c4 d6
9. Qd2 Be7 10. Nc3 e5 11. Be3 O-O 12. Bd3 Na6 13. Nge2 Qd8 14. O-O Nc7 15. a3
Nd7 16. Ng3 g6 17. Rab1 b6 18. b4 Ne8 19. Bh6 Ng7 20. Nce2 Qc7 21. Rfc1 Re8 22.
Bc2 Bb7 23. Nc3 Rec8 24. Bd3 Qd8 25. Rb2 Ba6 26. Na4 Rc7 27. Be3 Rcc8 28. Rbb1
Rcb8 29. Nc3 Rc8 30. Na4 Rcb8 31. Rc2 Rc8 32. Qc1 Ne8 33. Nb2 Rcb8 34. Qd2 Ng7
35. Ra1 Bc8 36. Na4 Ne8 37. Rb2 Ba6 38. Rb3 Rc8 39. Nb2 Rcb8 40. Rc3 Rc8 41.
Bc2 Bb7 42. Ba4 Nef6 43. Bh6 Bf8 44. Bg5 Be7 45. Be3 Rab8 46. Nd3 Ba8 47. Rf1
Bb7 48. Rcc1 Ba8 49. Rc2 a6 50. Bb3 Qc7 51. Rfc1 Re8 52. Rb2 Rec8 53. Rcb1 Bd8
54. Rc2 Be7 55. Rf1 Re8 56. Rfc1 Rec8 57. Ba4 Qd8 58. Rb1 Qc7 59. bxc5 bxc5 60.
Rcb2 Bd8 61. Bg5 Qa5 62. Qxa5 Bxa5 63. Rxb8 1-0

[Event "4. Aberto Internacional Carlos I"]
[Site "Sanxenxo ESP"]
[Date "2012.07.01"]
[Round "9.7"]
[White "Recuero Guerra, David"]
[Black "Patiño Romaris, Juan Roberto"]
[Result "1/2-1/2"]
[WhiteElo "2467"]
[BlackElo "2185"]
[PlyCount "78"]
[EventDate "2012.06.23"]
[EventType "swiss"]
[EventRounds "9"]
[EventCountry "ESP"]
[SourceTitle "Ajedrez en Madrid"]
[Source "lmi"]
[SourceDate "2012.06.23"]

1. c4 e5 2. g3 d6 3. Bg2 g6 4. Nc3 Bg7 5. d3 Nc6 6. Nf3 f5 7. O-O Nf6 8. Rb1
O-O 9. Bg5 h6 10. Bxf6 Qxf6 11. Nd5 Qd8 12. b4 Kh7 13. Nd2 Nd4 14. b5 a6 15. a4
axb5 16. axb5 Bd7 17. Nb4 Ra7 18. Nb3 Ne6 19. Ra1 Qa8 20. Qd2 e4 21. Rxa7 Qxa7
22. dxe4 fxe4 23. Nd5 c6 24. Qe3 Qxe3 25. Nxe3 cxb5 26. Bxe4 bxc4 27. Nxc4 Bb5
28. Nxd6 Bxe2 29. Re1 Bg4 30. Bxb7 Ng5 31. Bg2 Nf3+ 32. Bxf3 Bxf3 33. Nc4 g5
34. Ne3 Rb8 35. Nd2 Kg6 36. g4 h5 37. gxh5+ Kxh5 38. Ndf1 Kg6 39. Ng3 Rb2
1/2-1/2

[Event "4. Aberto Internacional Carlos I"]
[Site "Sanxenxo ESP"]
[Date "2012.07.01"]
[Round "9.8"]
[White "Garcia Castro, Pablo"]
[Black "Abella Vazquez, Cesar"]
[Result "1-0"]
[WhiteElo "2405"]
[BlackElo "2090"]
[PlyCount "81"]
[EventDate "2012.06.23"]
[EventType "swiss"]
[EventRounds "9"]
[EventCountry "ESP"]
[SourceTitle "Ajedrez en Madrid"]
[Source "lmi"]
[SourceDate "2012.06.23"]

1. g3 Nf6 2. Bg2 e5 3. d3 Nc6 4. Nf3 g6 5. O-O Bg7 6. c4 d6 7. Nc3 O-O 8. Rb1
a5 9. a3 h6 10. b4 axb4 11. axb4 Be6 12. e4 Qd7 13. Nd5 Bxd5 14. cxd5 Na7 15.
Bb2 Nb5 16. Ra1 c6 17. dxc6 bxc6 18. Qc2 Nh7 19. Rfc1 Rxa1 20. Rxa1 Qb7 21. Nd2
Ra8 22. Ra5 Ng5 23. Nc4 Ne6 24. Qa4 Rb8 25. Ra6 Nec7 26. Rb6 Qxb6 27. Nxb6 Rxb6
28. Bh3 Ra6 29. Qc2 Ne6 30. Qc4 Nf8 31. Bc8 Rb6 32. Qa2 Rb8 33. Qa6 Nd4 34.
Bxd4 exd4 35. Bb7 c5 36. b5 c4 37. Bd5 cxd3 38. Qa7 Nd7 39. Qxd7 d2 40. Bxf7+
Kh8 41. Bb3 1-0

[Event "4. Aberto Internacional Carlos I"]
[Site "Sanxenxo ESP"]
[Date "2012.07.01"]
[Round "9.9"]
[White "Vaarala, Eric"]
[Black "Cubero Ferreiro, Rodrigo"]
[Result "1/2-1/2"]
[WhiteElo "2249"]
[BlackElo "2182"]
[PlyCount "74"]
[EventDate "2012.06.23"]
[EventType "swiss"]
[EventRounds "9"]
[EventCountry "ESP"]
[SourceTitle "Ajedrez en Madrid"]
[Source "lmi"]
[SourceDate "2012.06.23"]

1. e4 c5 2. Nf3 e6 3. d4 cxd4 4. Nxd4 a6 5. c4 Nf6 6. Nc3 Qc7 7. a3 Nxe4 8.
Nxe4 Qe5 9. Nf3 Qxe4+ 10. Be3 Qc6 11. Bd3 Qc7 12. Ng5 d6 13. Nxh7 Be7 14. Qh5
g6 15. Bxg6 fxg6 16. Qxg6+ Kd8 17. O-O Nc6 18. Qg7 Re8 19. Rfd1 Bd7 20. Bf4 e5
21. Be3 Kc8 22. b4 Nd8 23. Nf6 Ne6 24. Nxe8 Nxg7 25. Nxc7 Kxc7 26. c5 dxc5 27.
Bxc5 Bxc5 28. Rac1 Ne6 29. bxc5 Rg8 30. g3 Nd4 31. Kf1 Bb5+ 32. Kg2 Bc6+ 33.
Kf1 Bb5+ 34. Kg2 Ne2 35. Ra1 Nf4+ 36. Kg1 Ne2+ 37. Kg2 Nf4+ 1/2-1/2

[Event "4. Aberto Internacional Carlos I"]
[Site "Sanxenxo ESP"]
[Date "2012.07.01"]
[Round "9.10"]
[White "Pinho, Paulo"]
[Black "Loehr Dols, Lluis"]
[Result "1-0"]
[WhiteElo "2145"]
[BlackElo "2073"]
[PlyCount "33"]
[EventDate "2012.06.23"]
[EventType "swiss"]
[EventRounds "9"]
[EventCountry "ESP"]
[SourceTitle "Ajedrez en Madrid"]
[Source "lmi"]
[SourceDate "2012.06.23"]

1. d4 Nf6 2. c4 c5 3. d5 b5 4. cxb5 a6 5. f3 e6 6. e4 exd5 7. e5 Qe7 8. Qe2 Ng8
9. Nc3 Bb7 10. Nh3 f6 11. Nf4 Qxe5 12. Nfxd5 Bd6 13. Be3 Ne7 14. Nb6 axb5 15.
Nxb5 Ra6 16. Nc4 Qe6 17. Ncxd6+ 1-0